Statystyki dla 20 wiek w 3 minuty

Kliknij tutaj aby rozwiązać quiz!

Ogólne statystyki

  • Ten quiz został rozwiązany 18 razy
  • Średni wynik to 72 z 100

Statystyki odpowiedzi

Rok% Poprawnych
1950
88%
1960
88%
1901
82%
1902
82%
1903
82%
1904
82%
1905
82%
1911
82%
1912
82%
1913
82%
1930
82%
1931
82%
1935
82%
1937
82%
1940
82%
1941
82%
1945
82%
1947
82%
1951
82%
1955
82%
1957
82%
1961
82%
1906
76%
1907
76%
1908
76%
1909
76%
1910
76%
1914
76%
1915
76%
1916
76%
1917
76%
1918
76%
1919
76%
1920
76%
1921
76%
1932
76%
1933
76%
1934
76%
1936
76%
1938
76%
1939
76%
1942
76%
1943
76%
1944
76%
1946
76%
1948
76%
1949
76%
1952
76%
1953
76%
1954
76%
1956
76%
1958
76%
1959
76%
1965
76%
1967
76%
1925
71%
1926
71%
1927
71%
1928
71%
1929
71%
1962
71%
1963
71%
1964
71%
1970
71%
1980
71%
1991
71%
1999
71%
2000
71%
1922
65%
1923
65%
1924
65%
1966
65%
1968
65%
1969
65%
1981
65%
1985
65%
1990
65%
1995
65%
1997
65%
1998
65%
1971
59%
1975
59%
1982
59%
1983
59%
1984
59%
1986
59%
1987
59%
1988
59%
1992
59%
1994
59%
1996
59%
1972
53%
1973
53%
1974
53%
1976
53%
1977
53%
1978
53%
1979
53%
1993
53%
1989
47%

Rozkład punktacji

Percentyl według liczby udzielonych odpowiedzi

Procent ludzi z każdym wynikiem

Twoja historia wyników

Nie rozwiązałeś tego quizu